| 000 | 00496nam a2200193Ia 4500 | ||
|---|---|---|---|
| 008 | 170918s9999 xx 000 0 und d | ||
| 020 | _a9780439637732 | ||
| 050 | _bC255 1999 | ||
| 100 | _aCapucilli, Alyssa Satin | ||
| 245 | _aHappy birthday, Biscuit! / | ||
| 245 | _cAlyssa Satin Capucilli ; pictures Pat Schories. | ||
| 260 | _aNew York : | ||
| 260 | _bScholastic, | ||
| 260 | _c1999 | ||
| 300 | _aunpaged : | ||
| 300 | _bcolored illustration ; | ||
| 300 | _c23cm. | ||
| 500 | _a300 | ||
| 999 |
_c341309 _d341309 |
||